| 000 | 01356nam a22002777a 4500 | ||
|---|---|---|---|
| 005 | 20170124103127.0 | ||
| 010 | _aB-207499 | ||
| 020 |
_c00.00 _a8189161342 |
||
| 035 | _aB-207499 | ||
| 037 | _bCen Lib/Ret | ||
| 040 |
_aDPL _bHN |
||
| 082 |
_a327 _bसंजय |
||
| 100 |
_aसंजय कुमार _983343 |
||
| 245 |
_aअन्तर्राष्ट्रीय सम्बन्ध / _cसंजय कुमार, अनुराग जायसवाल [और] धीरेन्द्र द्विवेदी |
||
| 246 |
_aAntarrashtreey sambandh / _bby Sanjay Kumar , Anurag Jayaswal [aur] Dhirendra Dwivedi |
||
| 260 |
_bअध्य्यन पब्लिशर्स _aदिल्ली _c2005 |
||
| 270 |
_bदिल्ली _aL-9B, गली नं.42, सादतपुर एक्सटेंशन _e110094 |
||
| 300 |
_a236पृ. _c20सेमी(सजिल्द) |
||
| 650 |
_aभारत -- पाक सम्बन्ध _944290 |
||
| 650 |
_aभारत -- परमाणु नीति _95507 |
||
| 650 |
_aIndo - Pak relations _983344 |
||
| 650 |
_aIndia - nuclear policy _983345 |
||
| 700 |
_aजायसवाल, अनुराग _983346 |
||
| 700 |
_aद्विवेदी, धीरेन्द्र _943407 |
||
| 942 |
_2ddc _cHN _h327 _mसंजय |
||
| 999 |
_c119100 _d119100 |
||